Alkalimetalle - Statistiken

Allgemein
  • Dieses Quiz wurde 119 mal gespielt
  • Das Durchschnittsergebnis liegt bei 5 aus 6
Antwortstatistiken
Antwort % Korrekt
Lithium
89%
Kalium
88%
Natrium
86%
Francium
68%
Rubidium
67%
Cäsium
63%
Keine übereinstimmenden Quizze gefunden
Verteilung der Resultate
Anzahl Personen mit jedem Resultat
Perzentil nach korrekt beantworteten Fragen
Ihre Resultats-Entwicklung
Sie haben dieses Quiz noch nicht gespielt